00849nam a22002177a 450000500170000001000150001702000260003203500140005803700090007208200130008110000260009424501050012025000060022526000440023127000730027530000260034870000380037494200240041299900190043695201760045520250715115449.0 aENG-145985 a9788197806797c300.00 aEN-129517 bDBAD a006.321 aChava, Nirmala982980 aDigital technologies and Artificial Intelligence in Education/cNirmala Chava [and] Prasanth Venpkal a1 aNew DelhibNeelkamal Publicationsc2024 a4764/1, 23, Ansari Road, Daryaganj,bNew Delhie110002k011-23244237 aviii, 194p.c24cm(pb) aVenpkal, Prasanth eAuthor982977 2ddccENh006.3mCHA c212367d212367 001040708NFICaLbLd2025-07-15eDelivery of Books Act Divisiong300.00l1o006.3 CHApEN-129517q2026-05-18r2026-05-04 13:31:27s2026-05-04t1v300.00w2025-07-15yEN